Statystyki dla Czy to pokemon?

Kliknij tutaj aby rozwiązać quiz!

Ogólne statystyki

  • Ten quiz został rozwiązany 37 razy
  • Średni wynik to 20 z 30

Statystyki odpowiedzi

ZagadnienieOdpowiedź% Poprawnych
PikachuPokemon
97%
PaneChleb po włosku
86%
KivikMebel z Ikei
86%
BurroMasło po włosku
83%
YongSmok po koreańsku
83%
MephitisŁacińska nazwa skunksa
81%
GralvikenMebel z Ikei
81%
KabutoPokemon
81%
ValrossMors po szwedzku
75%
BlazikenPokemon
75%
ExeggutorPokemon
75%
NoellePostać z pokemonów
75%
MoiraPostać z pokemonów
75%
SverigeSzwecja po szwecku
75%
KyogrePokemon
72%
DoylePostać z pokemonów
72%
AerodactylPokemon
69%
SalazzlePokemon
67%
DelphoxPokemon
61%
BaltoyPokemon
58%
FlabébéPokemon
56%
VeofumPostać z Pokemonów
56%
EelektrikPokemon
50%
StakatakaPokemon
50%
WalreinPokemon
50%
ToxapexPokemon
47%
MemphisPokemon
44%
MephistoPokemon
39%
DohidoidePokemon
39%
Bez MasłaPokemon
8%

Rozkład punktacji

Percentyl według liczby udzielonych odpowiedzi

Procent ludzi z każdym wynikiem

Twoja historia wyników

Nie rozwiązałeś tego quizu